[Event "HUN-ch U20"]
[Site "Szolnok"]
[Date "2024.04.03"]
[Round "5"]
[White "Turcsanyi, Vince Gergo"]
[Black "Panda, Barnabas"]
[Result "1-0"]
[WhiteElo "2247"]
[BlackElo "2066"]
[PlyCount "63"]
[EventDate "2024.03.31"]
[EventType "swiss"]
[EventRounds "9"]
[EventCountry "HUN"]
[SourceTitle "CB16_2024"]
[SourceDate "2024.04.17"]
[SourceVersion "1"]
[SourceVersionDate "2024.04.17"]
[SourceQuality "1"]

1. c4 e6 2. Nf3 Nf6 3. Nc3 d5 4. e3 Be7 5. b3 0-0 6. Bb2 c5 7. cxd5 Nxd5 8. h4 Nc6 9. a3 b6 10. Bd3 f5 11. Qb1 Bf6 12. g4 Ne5 13. Nxe5 Bxe5 14. gxf5 Nxc3 15. Bxc3 Bxc3 16. dxc3 exf5 17. Qc2 Bb7 18. Rg1 Qxh4 19. 0-0-0 Be4 20. Bc4+ Kh8 21. Qe2 Qf6 22. Kb2 Rad8 23. a4 Rxd1 24. Rxd1 Rd8 25. Rxd8+ Qxd8 26. f3 Bc6 27. e4 Qa8 28. exf5 Bxf3 29. Qe7 Bh5 30. f6 Qg2+ 31. Ka3 h6 32. Qf8+ 1-0

[Event "Budapest Vezerkepzo IM 03"]
[Site "Budapest"]
[Date "2023.03.22"]
[Round "8"]
[White "Turcsanyi, Vince Gergo"]
[Black "Neverov, Valeriy"]
[Result "0-1"]
[WhiteElo "2202"]
[BlackElo "2414"]
[PlyCount "66"]
[EventDate "2023.03.16"]
[EventType "swiss"]
[EventRounds "10"]
[EventCountry "HUN"]
[SourceTitle "CBM 213 Extra"]
[Source "ChessBase"]
[SourceDate "2023.05.31"]
[SourceVersion "1"]
[SourceVersionDate "2023.05.31"]
[SourceQuality "1"]

1. e4 c5 2. Nf3 Nc6 3. d4 cxd4 4. Nxd4 e5 5. Nb5 d6 6. g3 Be6 7. Bg2 Rc8 8. N5c3 h5 9. h3 h4 10. g4 Nge7 11. Nd5 Ng6 12. 0-0 Be7 13. Nxe7 Qxe7 14. Nc3 0-0 15. Nd5 Bxd5 16. exd5 Nb8 17. Be4 Nd7 18. Be3 Nf4 19. Qf3 Rc4 20. Rae1 Qf6 21. Kh2 Nc5 22. Bf5 g6 23. Bd3 Ncxd3 24. cxd3 Rc2 25. d4 Rxb2 26. dxe5 dxe5 27. Bc5 Rc8 28. Rc1 Rd2 29. Be7 Rxc1 30. Bxf6 Rxf1 31. Bxh4 Rd3 32. Qxd3 Nxd3 33. d6 Nc5 0-1

[Event "Budapest Vezerkepzo IM 03"]
[Site "Budapest"]
[Date "2023.03.18"]
[Round "3"]
[White "Turcsanyi, Vince Gergo"]
[Black "Xie, Felix"]
[Result "1/2-1/2"]
[WhiteElo "2202"]
[BlackElo "2227"]
[PlyCount "58"]
[EventDate "2023.03.16"]
[EventType "swiss"]
[EventRounds "10"]
[EventCountry "HUN"]
[SourceTitle "CBM 213 Extra"]
[Source "ChessBase"]
[SourceDate "2023.05.31"]
[SourceVersion "1"]
[SourceVersionDate "2023.05.31"]
[SourceQuality "1"]

1. e4 c6 2. d4 d5 3. Nc3 dxe4 4. Nxe4 Nf6 5. Nxf6+ exf6 6. c3 Bd6 7. Bd3 0-0 8. Qc2 Re8+ 9. Ne2 h5 10. 0-0 h4 11. h3 Nd7 12. Bd2 Nf8 13. Rae1 Bd7 14. c4 g6 15. b4 Ne6 16. a4 Rc8 17. Qb3 f5 18. c5 Bf8 19. Bc4 Bg7 20. Nf4 Qf6 21. d5 Ng5 22. d6 Ne4 23. Be3 Bh6 24. Rd1 Rf8 25. Rfe1 Rce8 26. Bc1 Bg7 27. Be3 Bh6 28. Bc1 Bg7 29. Be3 Bh6 1/2-1/2

[Event "Budapest Vezerkepzo IM 03"]
[Site "Budapest"]
[Date "2023.03.17"]
[Round "2"]
[White "Szalay Ocsak, Bank"]
[Black "Turcsanyi, Vince Gergo"]
[Result "1/2-1/2"]
[WhiteElo "2133"]
[BlackElo "2202"]
[PlyCount "62"]
[EventDate "2023.03.16"]
[EventType "swiss"]
[EventRounds "10"]
[EventCountry "HUN"]
[SourceTitle "CBM 213 Extra"]
[Source "ChessBase"]
[SourceDate "2023.05.31"]
[SourceVersion "1"]
[SourceVersionDate "2023.05.31"]
[SourceQuality "1"]

1. e4 e5 2. Nf3 Nc6 3. d4 exd4 4. Nxd4 Nf6 5. Nxc6 bxc6 6. Nd2 d5 7. exd5 cxd5 8. Bb5+ Bd7 9. Bxd7+ Qxd7 10. 0-0 Be7 11. b3 0-0 12. Bb2 Qf5 13. Re1 Bc5 14. Nf3 Ne4 15. Re2 Rad8 16. Qd3 Rfe8 17. Rae1 Qg6 18. a3 Qb6 19. Nd4 h6 20. f3 Nf6 21. Kf1 a5 22. a4 Rxe2 23. Rxe2 Re8 24. Rxe8+ Nxe8 25. Qb5 Bxd4 26. Qxe8+ Kh7 27. Bxd4 Qxd4 28. Qc6 Qd1+ 29. Kf2 Qd2+ 30. Kf1 Qd1+ 31. Kf2 Qd2+ 1/2-1/2

[Event "HUN-chT U18"]
[Site "Budapest"]
[Date "2022.11.01"]
[Round "2.1"]
[White "Borhy, Marcell Boldizsar"]
[Black "Turcsanyi, Vince Gergo"]
[Result "1-0"]
[WhiteElo "2400"]
[BlackElo "2069"]
[PlyCount "117"]
[EventDate "2022.10.31"]
[EventType "team-swiss"]
[EventRounds "7"]
[EventCountry "HUN"]
[SourceTitle "CBM 211 Extra"]
[Source "ChessBase"]
[SourceDate "2023.01.31"]
[SourceVersion "1"]
[SourceVersionDate "2023.01.31"]
[SourceQuality "1"]
[WhiteTeam "Haladas"]
[BlackTeam "DVTK SE"]
[WhiteTeamCountry "HUN"]
[BlackTeamCountry "HUN"]

1. Nf3 Nf6 2. g3 e6 3. Bg2 d5 4. 0-0 Be7 5. d4 0-0 6. Nbd2 b6 7. c4 Bb7 8. cxd5 exd5 9. b3 Nbd7 10. Bb2 Re8 11. Rc1 Bd6 12. e3 Rc8 13. Qc2 Qe7 14. Rfd1 a6 15. Qb1 Ne4 16. Bh3 Rcd8 17. Nxe4 dxe4 18. Nd2 Nf6 19. Nc4 Nd5 20. Bf1 f6 21. a3 Kh8 22. b4 h5 23. Qa2 h4 24. Nxd6 Qxd6 25. Qb3 hxg3 26. hxg3 g6 27. b5 a5 28. Bc4 Kg7 29. Kg2 Rh8 30. Rh1 Rxh1 31. Rxh1 Rh8 32. Rxh8 Kxh8 33. a4 Kg7 34. Ba3 Qd7 35. Qc2 f5 36. Qc1 Nf6 37. d5 Bxd5 38. Bb2 Bxc4 39. Qxc4 Qf7 40. Qc6 g5 41. Be5 Kg6 42. Bxc7 f4 43. gxf4 gxf4 44. Be5 fxe3 45. fxe3 Kf5 46. Qxf6+ Qxf6 47. Bxf6 Kxf6 48. Kh3 Ke5 49. Kg4 Kd5 50. Kf5 Kc4 51. Kxe4 Kb4 52. Kd5 Kxa4 53. Kc4 Ka3 54. e4 a4 55. e5 Kb2 56. e6 a3 57. e7 a2 58. e8Q a1Q 59. Qe5+ 1-0

[Event "HUN-chT U18"]
[Site "Budapest"]
[Date "2022.11.01"]
[Round "3.1"]
[White "Turcsanyi, Vince Gergo"]
[Black "Varga, Gabor"]
[Result "1-0"]
[WhiteElo "2069"]
[BlackElo "2032"]
[PlyCount "77"]
[EventDate "2022.10.31"]
[EventType "team-swiss"]
[EventRounds "7"]
[EventCountry "HUN"]
[SourceTitle "CBM 211 Extra"]
[Source "ChessBase"]
[SourceDate "2023.01.31"]
[SourceVersion "1"]
[SourceVersionDate "2023.01.31"]
[SourceQuality "1"]
[WhiteTeam "DVTK SE"]
[BlackTeam "Meritum Egyesuelet"]
[WhiteTeamCountry "HUN"]
[BlackTeamCountry "HUN"]

1. e4 c5 2. Nf3 g6 3. d4 cxd4 4. Nxd4 Bg7 5. c4 Nc6 6. Be3 Nf6 7. Nc3 0-0 8. Be2 d6 9. f3 Bd7 10. Qd2 Nxd4 11. Bxd4 a6 12. 0-0 Bc6 13. b4 Ne8 14. Rac1 Nc7 15. Nd5 Ne6 16. Bxg7 Nxg7 17. Qe3 Bxd5 18. cxd5 Qd7 19. Rc3 Rfc8 20. Rfc1 Ne8 21. R1c2 Qd8 22. h3 Rxc3 23. Qxc3 Qb6+ 24. Kh2 f6 25. a4 Kf7 26. a5 Qd8 27. f4 Qd7 28. Bg4 Qb5 29. Qc4 Qa4 30. Rd2 Qb5 31. Qxb5 axb5 32. Be6+ Kf8 33. Rc2 b6 34. axb6 Rb8 35. Rc8 Rb7 36. Rd8 Rxb6 37. Bd7 e5 38. dxe6 Ke7 39. Rxe8# 1-0

[Event "HUN-ch U14"]
[Site "Eger"]
[Date "2021.08.26"]
[Round "6"]
[White "Tran, David"]
[Black "Turcsanyi, Vince Gergo"]
[Result "1-0"]
[WhiteElo "2111"]
[BlackElo "2055"]
[PlyCount "85"]
[EventDate "2021.08.20"]
[EventType "swiss"]
[EventRounds "7"]
[EventCountry "HUN"]
[SourceTitle "EXT 2022"]
[Source "ChessBase"]
[SourceDate "2021.10.06"]
[SourceVersion "1"]
[SourceVersionDate "2021.10.06"]
[SourceQuality "1"]

1. e4 e5 2. Nf3 Nc6 3. Bb5 a6 4. Ba4 d6 5. c3 Bd7 6. d4 g6 7. 0-0 Bg7 8. Be3 Nge7 9. d5 Nb8 10. c4 b5 11. cxb5 axb5 12. Bc2 0-0 13. Nfd2 f5 14. f3 f4 15. Bf2 g5 16. Bd3 Qe8 17. a3 Na6 18. Nc3 Nc5 19. Be2 Na4 20. Qb3 Nxc3 21. bxc3 h5 22. Rfb1 Rb8 23. c4 Qg6 24. cxb5 Bf6 25. h3 Kf7 26. Qd1 Rg8 27. Rc1 Rbc8 28. a4 Qh6 29. Ra3 g4 30. fxg4 hxg4 31. Bxg4 Bxg4 32. hxg4 Rg6 33. Rh3 Qg7 34. Qf3 Rxg4 35. a5 Rg8 36. Rh2 Rb8 37. Qe2 Qg5 38. Nf3 Qg6 39. Rxc7 Rg8 40. Be1 Qg7 41. b6 Qf8 42. a6 Qb8 43. Bf2 1-0

[Event "HUN-ch U14"]
[Site "Eger"]
[Date "2021.08.26"]
[Round "5"]
[White "Turcsanyi, Vince Gergo"]
[Black "Szegedy, Matyas"]
[Result "0-1"]
[WhiteElo "2055"]
[BlackElo "1959"]
[PlyCount "86"]
[EventDate "2021.08.20"]
[EventType "swiss"]
[EventRounds "7"]
[EventCountry "HUN"]
[SourceTitle "EXT 2022"]
[Source "ChessBase"]
[SourceDate "2021.10.06"]
[SourceVersion "1"]
[SourceVersionDate "2021.10.06"]
[SourceQuality "1"]

1. e4 c6 2. d4 d5 3. exd5 cxd5 4. Bd3 Nc6 5. c3 Qc7 6. h3 Nf6 7. Nf3 g6 8. 0-0 Bg7 9. Re1 0-0 10. Bg5 Bf5 11. Bxf5 gxf5 12. Qc1 Kh8 13. Bf4 Qd7 14. b4 Rac8 15. Qe3 e6 16. Ne5 Nxe5 17. dxe5 Ng8 18. Nd2 Ne7 19. Nb3 b6 20. Nd4 Rc4 21. a4 Rfc8 22. Nb5 Ng6 23. Nd6 Nxf4 24. Nxc8 Qxc8 25. a5 Re4 26. Qd2 Bxe5 27. Rxe4 fxe4 28. axb6 axb6 29. Ra3 Qg8 30. g3 Nxh3+ 31. Kh2 Ng5 32. Qe3 Qg6 33. f4 Nf3+ 34. Kg2 Bf6 35. Qxb6 Qh5 36. Qf2 Qh2+ 37. Kf1 Qh1+ 38. Ke2 Qc1 39. Ra8+ Kg7 40. Rc8 d4 41. Qf1 d3+ 42. Kf2 Qd2+ 43. Qe2 Qxe2# 0-1

[Event "HUN-ch U12"]
[Site "Tapolca"]
[Date "2020.08.18"]
[Round "5"]
[White "Turcsanyi, Vince Gergo"]
[Black "Kolimar, Kristof Pal"]
[Result "0-1"]
[WhiteElo "1892"]
[BlackElo "2063"]
[PlyCount "118"]
[EventDate "2020.08.15"]
[EventType "swiss"]
[EventRounds "7"]
[EventCountry "HUN"]
[SourceTitle "EXT 2023"]
[Source "ChessBase"]
[SourceDate "2022.10.05"]
[SourceVersion "1"]
[SourceVersionDate "2022.10.05"]
[SourceQuality "1"]
[WhiteTeam "Hungary"]
[BlackTeam "Hungary"]
[WhiteTeamCountry "HUN"]
[BlackTeamCountry "HUN"]

1. e4 c5 2. Nf3 e6 3. d4 cxd4 4. Nxd4 a6 5. Nc3 Qc7 6. g3 Bb4 7. Bd2 Nf6 8. Bg2 Nc6 9. Nb3 Be7 10. 0-0 0-0 11. f4 b5 12. a3 Rd8 13. g4 d5 14. e5 Nd7 15. g5 Nb6 16. Qh5 g6 17. Qh6 Nc4 18. Nd1 Bf8 19. Qh3 Ne7 20. Bb4 a5 21. Bxe7 Qxe7 22. Nd4 Bd7 23. b3 Nd2 24. Rf2 Ne4 25. Bxe4 dxe4 26. Nc3 b4 27. Nxe4 Bg7 28. Nd6 Be8 29. Qf3 bxa3 30. Rxa3 Qa7 31. Ne2 Bf8 32. Nc3 Rxd6 33. exd6 Bxd6 34. Ra1 Bc5 35. Raf1 Rd8 36. Ne4 Bxf2+ 37. Rxf2 Qd4 38. Nf6+ Kh8 39. Kg2 h5 40. c3 Qd6 41. Ne4 Qb6 42. c4 Bc6 43. Kg3 Rd4 44. Re2 Rxe4 45. Rxe4 Qg1+ 46. Kh3 Qg4+ 47. Qxg4 hxg4+ 48. Kxg4 Bxe4 49. c5 Bd5 50. f5 gxf5+ 51. Kf4 Bxb3 52. c6 Bd5 53. c7 Bb7 54. Ke5 a4 55. Kf6 Kg8 56. g6 fxg6 57. Kxe6 a3 58. Kd7 a2 59. c8Q+ Bxc8+ 0-1

[Event "HUN-ch U12"]
[Site "Balatonlelle"]
[Date "2019.06.26"]
[Round "7"]
[White "Turcsanyi, Vince Gergo"]
[Black "Kolimar, Kristof Pal"]
[Result "1/2-1/2"]
[WhiteElo "1816"]
[BlackElo "1979"]
[PlyCount "55"]
[EventDate "2019.06.21"]
[EventType "swiss"]
[EventRounds "9"]
[EventCountry "HUN"]
[SourceTitle "CBM 191 Extra"]
[Source "ChessBase"]
[SourceDate "2019.09.30"]
[SourceVersion "1"]
[SourceVersionDate "2019.09.30"]
[SourceQuality "1"]

1. e4 c5 2. Nf3 e6 3. Nc3 a6 4. g3 Nc6 5. Bg2 Nf6 6. 0-0 d5 7. exd5 exd5 8. d4 c4 9. Bg5 Be7 10. Ne5 0-0 11. Re1 Be6 12. Ne2 Nd7 13. Nxc6 bxc6 14. Bxe7 Qxe7 15. Nf4 Qd6 16. Nxe6 fxe6 17. Bh3 Rae8 18. Qg4 Rf6 19. Re3 Re7 20. Rae1 e5 21. Qe2 e4 22. Bxd7 Rxd7 23. f3 exf3 24. Rxf3 Rxf3 25. Qxf3 Re7 26. Rf1 Qd8 27. Qf4 Qe8 28. c3 1/2-1/2

[Event "HUN-ch U12"]
[Site "Balatonlelle"]
[Date "2019.06.24"]
[Round "5"]
[White "Turcsanyi, Vince Gergo"]
[Black "Marjanovic, Alex"]
[Result "1-0"]
[WhiteElo "1816"]
[BlackElo "1629"]
[PlyCount "59"]
[EventDate "2019.06.21"]
[EventType "swiss"]
[EventRounds "9"]
[EventCountry "HUN"]
[SourceTitle "CBM 191 Extra"]
[Source "ChessBase"]
[SourceDate "2019.09.30"]
[SourceVersion "1"]
[SourceVersionDate "2019.09.30"]
[SourceQuality "1"]

1. e4 e5 2. Nf3 Nc6 3. Bb5 g6 4. c3 a6 5. Ba4 d6 6. d4 Bd7 7. 0-0 Bg7 8. Bg5 Nf6 9. Re1 h6 10. Bd2 0-0 11. d5 Ne7 12. Bxd7 Qxd7 13. c4 Nh7 14. Qc1 g5 15. h3 f5 16. exf5 Qxf5 17. Nc3 Ng6 18. Ne4 Nf6 19. Ng3 Qd7 20. Qc2 Nf4 21. Bxf4 exf4 22. Nf5 Rae8 23. N3d4 Nh5 24. Ne6 Rf6 25. Rad1 Qf7 26. Nexg7 Rxe1+ 27. Rxe1 Nxg7 28. Re7 Rxf5 29. Rxf7 Rxf7 30. Qg6 1-0